| 000 | 02544cam a22003255i 4500 | ||
|---|---|---|---|
| 999 |
_c7276 _d7276 |
||
| 003 | EG-ScBUE | ||
| 005 | 20200119150450.0 | ||
| 008 | 080819s1987 le g b 00010i ara d | ||
| 040 |
_aEG-ScBUE _bara _erda _cEG-ScBUE _dEG-ScBUE |
||
| 082 | 0 | 4 |
_a892.7634 _bح ز م _222 |
| 100 | 1 |
_aابن حزم ، علي بن أحمد، _d994-1064، _eمؤلف. |
|
| 245 | 1 | 0 |
_aرسائل ابن حزم الأندلسي / _cتحقيق إحسان عباس. |
| 250 | _aالطبعة الثانية. | ||
| 264 | 1 |
_aبيروت : _bالمؤسسة العربية للدراسات والنشر، _c1987. |
|
| 300 |
_a4 أجزاء في 2 مجلد ؛ _c24 سم |
||
| 336 |
_aنص _btxt _2rdacontent |
||
| 337 |
_aبدون وسيط _bn _2rdamedia |
||
| 338 |
_aمجلد _bnc _2rdacarrier |
||
| 504 | _aيشتمل على إرجاعات ببليوجرافية وكشاف. | ||
| 505 | 0 | _aالجزء 1. طوق الحمامة في الألفة والألاف - رسالة في مداواة النفوس - رسالة في الغناء الملهي - فصل في معرفة النفس بغيرها -- الجزء 2. رسالة نقط العروس في تواريخ الخلفاء - رسالة في أمهات الخلفاء - رسالة في جمل فتوح الإسلام - رسالة في أسماء الخلفاء - رسالة في فضل الأندلس وذكر رجالها -- الجزء 3. رسالة في الرد على ابن النغريلة اليهودي - رسالتان أجاب فيهما عن رسالتين سئل فيهما سؤال تعنيف - رسالة في الرد على الهاتف من بعد - رسالة التوقيف على شارع النجاة - رسالة التلخيص لوجوه التخليص - رسالة البيان عن حقيقة الإيمان - رسالة في الإمامة - رسالة في حكم من قال إن أرواح أهل الشقاء معذبة إلى يوم الدين -- الجزء 4. رسالة مراتب العلوم - التقريب لحد المنطق - رسالة في ألم الموت وإبطاله - الرد على الكندي الفيلسوف - تفسير ألفاظ تجزي بين المتكلمين في الأصول. | |
| 590 | _abasantemad | ||
| 600 | 1 | 7 |
_aابن حزم ، علي بن أحمد، _d994-1064. |
| 650 | 7 |
_aالرسائل العربية. _2BUEsh |
|
| 650 | 7 |
_aالفقه الإسلامي. _2BUEsh |
|
| 650 | 7 |
_aالفلسفة الإسلامية. _2BUEsh |
|
| 651 | _2BUEsh | ||
| 653 |
_bARALIT _bGGEN |
||
| 700 | 1 |
_aعباس، إحسان، _eمحقق. |
|
| 942 |
_cBB _2ddc |
||